1730 1966 1043 1580 1833 1997 1770 1144 1051 1503 1438 1248 1557 1069 1174 1986 1511 1277 1620 1882 1538 1179 1895 1306 1248 1860 1059 1213 1313 1741 1897 1392 1678 1963 1526 1751 1721 1372 1253 1563 1487 1188 1531 1163 1684 1332 1630 1989 1393 1605 1794 1983 1285 1130 1032 1041 1116 1066 1631 1492 1133 1896 1548 1071 1835 1860 1031 1143 1197 1857 1968 1750 1127 1731 1046 1074 1047 1943 1855 1536 1691 1317 1239 1039 1734 1667 1793 1785 1233 1680 1739 1459 1724 1382 1416 1266 1315 1829 1043 BCNSPRNW ULIB Ver.6.0+V

เปลี่ยนเป็นภาษาไทย

Change to English
 แสดงรายละเอียดบรรณานุกรม
  กลับหน้าหลัก

Brief Record : Get Marc (ISO 2709) : E-mail record : QR code < ปิดหน้าต่าง
LEADER : 00000nam 2200000uu 4500
001    13399110928
003     ULIB
008    110613s||||||||th 000 0 tha d
020    9749183320
050  4 AC158^bจ716ด 2004
100    เจนนี วู๊ด
245    เด็กๆรู้ไหมทำไมจิงโจ้มีกระเป๋าหน้าท้อง^cผู้แต่ง เจนนี วู๊ด
260    กรุงเทพฯ : ^bโกรเลียร์ อินเตอร์เนชั่นแนล, ^c2004
300    32 หน้า : ^bภาพประกอบสี ; ^c28 ซม.
650  7 ความรู้รอบตัว
650  7 จิงโจ้
945    ^p350^l0^i029020
995    ทศพร
999 ^a ใช้งานได้ทุกระบบ
รายการนี้ยังไม่มีแท็ก
คุณยังไม่ได้ล็อกอิน คุณสามารถมีกิจกรรมร่วมกับเว็บไซต์ได้ แต่ต้องล็อกอินก่อน ::
  ล็อกอิน

รายการสื่อสารสนเทศ

ลำดับที่ ประเภท เลขเรียก/บาร์โค้ด สถานที่ สถานะ
- ไม่พบข้อมูล -

รายการใกล้เคียง
    หัวเรื่อง [ความรู้รอบตัว]

BibComment


ยังไม่เคยถูกคอมเมนท์

คอมเมนท์ทรัพยากรรายการนี้
  คอมเมนท์: เด็กๆรู้ไหมทำไมจิ..


 Copyright 2026. Bcnsprnw @Library